Štatistická ročenka Slovenskej republiky 2007 = Statistical Yearbook of the Slovak Republik 2007
Enregistré dans:
| Format: | Livre |
|---|---|
| Langue: | slovaque |
| Publié: |
Bratislava :
Veda,
2007
|
| Édition: | 1. vyd. |
| Sujets: | |
| Tags: |
Pas de tags, Soyez le premier à ajouter un tag!
|
MARC
| LEADER | 00000nam a22000003a 4500 | ||
|---|---|---|---|
| 001 | stu157926 | ||
| 005 | 20150408163604.6 | ||
| 008 | 080213s2007----xo------------------slo-d | ||
| 040 | |a STU |b slo | ||
| 041 | 0 | |a slo | |
| 044 | |a xo | ||
| 080 | |a 311(437.6) | ||
| 245 | |a Štatistická ročenka Slovenskej republiky 2007 = Statistical Yearbook of the Slovak Republik 2007 | ||
| 250 | |a 1. vyd. | ||
| 260 | |a Bratislava : |b Veda, |c 2007 | ||
| 300 | |a CD-ROM | ||
| 650 | 7 | |a Štatistika slovenská |2 stusub | |
| 996 | |b 284EO00086 |c E*O-86 |l EE0104 |s P |a 0 |w stu157926_0001 | ||